Peter Bosz' Ajax - Statistics

General Stats
  • This quiz has been taken 15 times
  • The average score is 17 of 31
Answer Stats
Rank Player Position Nationality Matches Goals Assists % Correct
4 André Onana Goalkeeper 46 0 1
93%
10 Bertrand Traoré Right Winger 39 13 5
93%
5 Davinson Sánchez Centre-Back 45 6 2
93%
1 Davy Klaassen Central Midfield 50 20 12
93%
9 Hakim Ziyech Right Winger 42 10 19
93%
3 Kasper Dolberg Centre-Forward 48 23 10
93%
8 Lasse Schöne Defensive Midfield 43 9 5
93%
15 Matthijs de Ligt Centre-Back 23 3 0
93%
2 Amin Younes Left Winger 48 7 11
86%
22 David Neres Right Winger 12 3 3
86%
6 Joël Veltman Right-Back 44 0 3
79%
12 Donny van de Beek Central Midfield 32 0 4
71%
23 Frenkie de Jong Central Midfield 11 1 0
71%
7 Nick Viergever Centre-Back 43 4 3
50%
20 Abdelhak Nouri Central Midfield 15 1 3
43%
26 Heiko Westermann Centre-Back 8 0 0
43%
13 Mateo Cassierra Centre-Forward 29 4 1
43%
21 Nemanja Gudelj Defensive Midfield 13 2 2
43%
25 Vaclav Cerny Right Winger 10 1 2
43%
11 Daley Sinkgraven Left-Back 32 1 5
36%
18 Justin Kluivert Attacking Midfield 20 2 5
36%
19 Kenny Tete Right-Back 19 1 1
36%
28 Diederik Boer Goalkeeper 4 0 0
29%
14 Jaïro Riedewald Defensive Midfield 28 1 2
29%
27 Jasper Cillessen Goalkeeper 6 0 0
29%
16 Mitchell Dijks Left-Back 20 0 0
29%
24 Riechedly Bazoer Centre-Back 10 1 0
29%
30 Carel Eiting Central Midfield 1 0 0
21%
31 Deyovaisio Zeefuik Right-Back 1 0 0
14%
29 Pelle Clement Central Midfield 4 3 0
14%
17 Anwar El Ghazi Right Winger 20 2 2
7%
No matching quizzes found
Score Distribution
Percent of People with Each Score
Percentile by Number Answered
Your Score History
You have not taken this quiz